| 000 | 00449nam a2200181Ia 4500 | ||
|---|---|---|---|
| 001 | 20244 | ||
| 005 | 20260306172752.0 | ||
| 008 | 260306t2006||||xx |||||||||||||| ||spa|| | ||
| 041 | _aESP | ||
| 082 |
_a343CP1 _bC34 2006 T. 2 |
||
| 100 |
_aCastillo Córdova, Luis _eAUT |
||
| 245 | 0 | _aComentarios al código procesal constitucional | |
| 260 | _c2006 | ||
| 300 |
_apágs. : _ccm. |
||
| 650 | _aGEN | ||
| 654 | _aCDE | ||
| 942 |
_cLIB _dJUS _fJUS _2ddc _n |
||
| 999 |
_c20244 _d20244 |
||